[Event "Reykjavik Kvika op"]
[Site "Reykjavik"]
[Date "2022.04.08"]
[Round "4"]
[White "Klasinc, Kristjan"]
[Black "Louis, Thibault"]
[Result "0-1"]
[WhiteElo "1779"]
[BlackElo "2181"]
[PlyCount "122"]
[EventDate "2022.04.06"]
[EventType "swiss"]
[EventRounds "9"]
[EventCountry "ISL"]
[SourceTitle "CBM 207 Extra"]
[Source "ChessBase"]
[SourceDate "2022.05.31"]
[SourceVersion "1"]
[SourceVersionDate "2022.05.31"]
[SourceQuality "1"]

1. e4 e6 2. d3 d5 3. Nd2 Nf6 4. Ngf3 c5 5. g3 g6 6. Bg2 Bg7 7. 0-0 0-0 8. Re1 Nc6 9. c3 e5 10. exd5 Nxd5 11. Nc4 Re8 12. a4 h6 13. Qe2 g5 14. Nfd2 f5 15. Nb3 b6 16. Qf3 Be6 17. Qd1 Qd7 18. Qc2 Rad8 19. Ne3 f4 20. Nxd5 Bxd5 21. f3 Bf7 22. Rd1 c4 23. Nd2 Qxd3 24. Qxd3 Rxd3 25. Re1 Na5 26. Bf1 Rdd8 27. Kf2 Re7 28. gxf4 gxf4 29. Bh3 Bf6 30. Rg1+ Kh8 31. Ne4 Bh4+ 32. Ke2 Nb3 33. Rb1 Bd5 34. Rg4 Bxe4 35. fxe4 f3+ 36. Kxf3 Rf7+ 37. Kg2 Rf2+ 38. Kh1 Rd1+ 39. Rg1 Rxc1 40. Rgxc1 Nxc1 41. Rxc1 Rxb2 42. Be6 Bg5 43. Rd1 Rc2 44. Bxc4 Rxc3 45. Bb5 Rc2 46. h3 Bf4 47. Rd7 Rh2+ 48. Kg1 Rxh3 49. Rxa7 Re3 50. Bc6 h5 51. a5 bxa5 52. Rxa5 h4 53. Ra1 Kg7 54. Rf1 Re2 55. Rf3 Kf6 56. Kf1 Rd2 57. Bb7 Rd4 58. Kg2 Kg5 59. Bc6 Rd2+ 60. Kg1 Kg4 61. Rf2 Be3 0-1

[Event "Graz op-B 20th"]
[Site "Graz"]
[Date "2013.09.01"]
[Round "9"]
[White "Klasinc, Kristjan"]
[Black "Scherr, Johann"]
[Result "1-0"]
[WhiteElo "1394"]
[BlackElo "1749"]
[PlyCount "59"]
[EventDate "2013.08.24"]
[EventType "swiss"]
[EventRounds "9"]
[EventCountry "AUT"]
[SourceTitle "EXT 2022"]
[Source "ChessBase"]
[SourceDate "2021.10.06"]
[SourceVersion "1"]
[SourceVersionDate "2021.10.06"]
[SourceQuality "1"]

1. Nf3 Nf6 2. b3 d6 3. e3 e5 4. d3 Nc6 5. Bb2 Be6 6. Nbd2 Be7 7. Be2 h6 8. c4 0-0 9. 0-0 Nh7 10. a3 f5 11. d4 exd4 12. Nxd4 Nxd4 13. Bxd4 c5 14. Bb2 Bf6 15. Qc2 Qc7 16. Rad1 Rad8 17. Nf3 d5 18. Bxf6 Nxf6 19. Nh4 dxc4 20. Bxc4 Bxc4 21. Qxc4+ Kh8 22. Ng6+ Kh7 23. Nxf8+ Rxf8 24. f3 g5 25. Qe6 Kg6 26. Rd6 Kh5 27. g4+ Kh4 28. Qe5 f4 29. Rfd1 c4 30. Qb2 1-0